Datum a čas kvízu
24.5
Celkem bodů
Celkový počet nahraných bodů na tomto kvízu bez doplňovacích otázek.
3.
Pořadí na kvízu
Konečné umístění týmu na tomto kvízu.
Zaznamenané odpovědi
| # | Otázka | Odpověď | Body | Výsledky |
|---|---|---|---|---|
| 1. | V sobotu začal na pražském Výs... | Matějská pouť | 1 | |
| 2. | V Německu se v neděli konaly p... | CDU/CSU, Friedrich Merz | 1 | |
| 3. | Minulý týden jsme se dozvěděli... | Post Malone | 0 | |
| 4. | Vedení sítě provozoven rychléh... | Kentucky | 1 | |
| 5. | V české fotbalové reprezentaci... | Buffon | 1 | |
| 6. | Nyní se od aktualit přesuneme... | 1C 2A 3B 4D | 0 | |
| 7. | Uveďte odborný název pro skupi... | ichtyosauři | 0 | |
| 8. | Přibližně takto mohl vypadat j... | o velociraptora | 0 | |
| 9. | Americký spisovatel a scenáris... | Michael Crichton | 0 | |
| 10. | Na fotce vidíme mumii a rekons... | Ötzi | 1 |